| 000 | 00317nam a2200109 4500 | ||
|---|---|---|---|
| 999 |
_c14353 _d14353 |
||
| 008 | 190913b ||||| |||| 00| 0 eng d | ||
| 245 | _aOptimize your health through functional medicine. | ||
| 260 |
_aPhilippines: _bThe Philippine Star; _c©2018. |
||
| 300 | _apage D4. | ||
| 650 | 0 |
_939582 _aMedicine. |
|
| 942 |
_2ddc _cPER |
||